Catalogue of institutions and agencies for children with special needs / (Record no. 356345)
[ view plain ]
| 000 -LEADER | |
|---|---|
| fixed length control field | 00337nam a2200109Ia 4500 |
| 008 - FIXED-LENGTH DATA ELEMENTS--GENERAL INFORMATION | |
| fixed length control field | 180323s9999 xx 000 0 und d |
| 100 ## - MAIN ENTRY--PERSONAL NAME | |
| Personal name | Santos Ocampo, Perla D. |
| 245 ## - TITLE STATEMENT | |
| Title | Catalogue of institutions and agencies for children with special needs / |
| 250 ## - EDITION STATEMENT | |
| Edition statement | 4th ed |
| 260 ## - PUBLICATION, DISTRIBUTION, ETC. (IMPRINT) | |
| Place of publication, distribution, etc | Ermita City : |
| Name of publisher, distributor, etc | 1996 |
| Date of publication, distribution, etc | Wyeth pub |
| 300 ## - PHYSICAL DESCRIPTION | |
| Extent | i,298 pages |
| Withdrawn status | Lost status | Source of classification or shelving scheme | Damaged status | Home library | Current library | Shelving location | Date acquired | Source of acquisition | Total Checkouts | Full call number | Barcode | Date last seen | Price effective from | Koha item type |
|---|---|---|---|---|---|---|---|---|---|---|---|---|---|---|
| Library of Congress Classification | College Library | College Library | Filipiniana Section | 03/23/2018 | Donation | HV 890.P6 .Sa237 1996 | C21447 | 05/08/2018 | 03/23/2018 | Books |